| 000 | 00636nam a22002417a 4500 | ||
|---|---|---|---|
| 003 | UA-OsUOA | ||
| 001 | 90105 | ||
| 007 | ta | ||
| 008 | 20121114b un ||||| |||| 00| 0 ukr d | ||
| 100 | _aКлименко П. | ||
| 090 |
_a821.161.2 _bК49 |
||
| 942 | _cBK | ||
| 040 |
_aUA-OsUOA _bukr _cUA-OsUOA _dUA-OsUOA |
||
| 245 |
_aОпалене жито _bроман |
||
| 300 | _a302 с. | ||
| 955 | _a0 | ||
| 041 | _aukr | ||
| 080 | _a821.161.2 | ||
| 260 |
_aК. _bРадянський письменник _c1980 |
||
| 044 | _aUA | ||
| 650 | 7 |
_a82 Література. Літературознавство _2UDC |
|
| 999 |
_c376279 _d376279 |
||